Convenio para las lineas de carga firmado en Londres el 5 de julio de 1930, con un protocolo, anejos, acta final e instrucciones para su aplicación ; Acuerdo entre la República Española y el Reino Unido de la Gran Bretaña, mediante canje de notas, relativo al recíproco reconocimiento de los certificados de líneas de carga. (Record no. 172803)

MARC details
000 -LEADER
campo de control de longitud fija 01203nam a22002415i 4500
001 - NÚMERO DE CONTROL
campo de control 172803
003 - IDENTIFICADOR DE NÚMERO DE CONTROL
campo de control ES-MaACL
005 - FECHA Y HORA DE LA ÚLTIMA TRANSACCIÓN
campo de control 20250831061535.0
008 - DATOS DE LONGITUD FIJA--INFORMACIÓN GENERAL
campo de control de longitud fija 090909s1932 sp |||| | spa d
080 ## - NÚMERO DE LA CLASIFICACIÓN DECIMAL UNIVERSAL
Número de la Clasificación Decimal Universal 629.5.013.57
110 1# - ENTRADA PRINCIPAL--NOMBRE DE ENTIDAD CORPORATIVA
Nombre de entidad corporativa o nombre de jurisdicción como elemento de entrada España
9 (RLIN) 3622
245 10 - MENCIÓN DEL TÍTULO
Título Convenio para las lineas de carga firmado en Londres el 5 de julio de 1930, con un protocolo, anejos, acta final e instrucciones para su aplicación ; Acuerdo entre la República Española y el Reino Unido de la Gran Bretaña, mediante canje de notas, relativo al recíproco reconocimiento de los certificados de líneas de carga.
260 ## - PUBLICACIÓN, DISTRIBUCIÓN, ETC.
Lugar de publicación, distribución, etc. Madrid :
Nombre del editor, distribuidor, etc. [s.n.],
Fecha de publicación, distribución, etc. 1932 (
Fabricante Impr. del Ministerio de Estado)
300 ## - DESCRIPCIÓN FÍSICA
Extensión 224 p. [3] h. pleg. de map.. ;
Dimensiones 24 cm.
490 1# - MENCIÓN DE SERIE
Mención de serie Publicaciones del Ministerio de Estado. Serie A: Acuerdos y Convenios Internacionales. Año 1932 ;
Designación de volumen o secuencia 22
500 ## - NOTA GENERAL
Nota general La cubierta sirve de portada.
594 ## - Nota al título y mención de responsabilidad
Nota al título y mención de responsabilidad Texto en español, inglés y francés.
650 #4 - PUNTO DE ACCESO ADICIONAL DE MATERIA--TÉRMINO DE MATERIA
Término de materia o nombre geográfico como elemento de entrada Línea de carga-
Subdivisión de forma Tratados, convenios, etc.
9 (RLIN) 141245
710 1# - ENTRADA AGREGADA--NOMBRE DE ENTIDAD CORPORATIVA
Nombre de entidad corporativa o nombre de jurisdicción como elemento de entrada España.
Unidad subordinada Ministerio de Estado.
9 (RLIN) 3866
830 00 - PUNTO DE ACCESO ADICIONAL DE SERIE-TÍTULO UNIFORME
Título uniforme Publicaciones del Ministerio de Estado
Designación de volumen o secuencia 22
9 (RLIN) 189119
852 ## - LOCALIZACIÓN
Ubicación ES-MaACL
Número de control de estantería C-7180
Holdings
Estatus retirado Estado de pérdida Estado de daño No para préstamo Biblioteca de origen Biblioteca actual Ubicación en estantería Fecha de adquisición Fuente de adquisición Total de préstamos Signatura topográfica completa Código de barras Visto por última vez Precio de reemplazo Tipo de ítem Koha
        Biblioteca del Ateneo de Madrid Biblioteca del Ateneo de Madrid Sala Palomar 09/09/2009     C-7180 1181309 23/02/2023 23/02/2023 Libro impreso